États dont l'indépendance est contestée par au moins un pays - Statistiques

Statistiques générales
  • Ce quiz a été pris 279 fois
  • Le résultat moyen est 7 sur 19
Statistiques - réponses
Pays ou états % Correct
BONUS : Seul État reconnu par l'ONU, mais pas par JetPunk Palestine
79%
Taïwan
77%
Kosovo
74%
Israël
68%
Corée du Nord
65%
Corée du Sud
65%
Chine
56%
Chypre
43%
Arménie
40%
République arabe sahraouie démocratique
38%
Ossétie du Sud
34%
Abkhazie
27%
Transnistrie
22%
Haut-Karabagh
18%
Chypre du Nord
16%
Niue
11%
Îles Cook
9%
République populaire de Donetsk
4%
République populaire de Lougansk
4%
Aucun quiz correspondant
Distribution des résultats
% des personnes avec chaque résultat
Percentile par nombre de réponses
Votre historique - résultats
Vous n’avez pas pris ce quiz